Introducción a la literatura española a través de los textos: aportación de una metodología del comentario de textos

Guardat en:
Dades bibliogràfiques
Autors principals: Barroso Gil, Asunción (Autor), Berlanga Reyes, Alfonso (Autor), González Cantos, María Dolores (Autor), Hernández Jiménez, María Consuelo (Autor), Toboso Sánchez, Jesús (Autor)
Format: Llibre
Idioma:espanyol
Publicat: Madrid Istmo 1979
Col·lecció:Fundamentos, 65
Matèries:
Etiquetes: Afegir etiqueta
Sense etiquetes, Sigues el primer a etiquetar aquest registre!

MARC

LEADER 00000nam a2200000 a 4500
001 UCQ8022
003 CL-VaPUC
008 981127e19790000SP |||||||||||||||||spa|d
082 0 4 |a 860.9  |b BAR  |2 21 
100 0 |a Barroso Gil, Asunción  |e author  |9 421860 
700 0 |a Berlanga Reyes, Alfonso  |e author  |9 421861 
700 0 |a González Cantos, María Dolores  |e author  |9 421862 
700 0 |a Hernández Jiménez, María Consuelo  |e author  |9 421863 
700 0 |a Toboso Sánchez, Jesús  |e author  |9 421864 
245 1 0 |a Introducción a la literatura española a través de los textos: aportación de una metodología del comentario de textos 
300 |a 2 v 
942 |c BK 
945 |d 19981127 00:00:00  |a crobeson 
260 |a Madrid  |b Istmo  |c 1979 
650 0 |a Literatura española  |9 306261 
650 0 |a Historia y crítica   |9 257407 
583 |a last modification  |c 19981127 00:00:00  |k Rodrigo Vera 
490 0 |a Fundamentos, 65 
999 |c 277394  |d 277392 
952 |0 0  |1 0  |4 0  |6 860_900000000000000_BAR_1979  |7 0  |8 A  |9 315296  |a FDOPOS  |b FDOPOS  |d 2019-11-20  |h v.1  |i 1496166  |o 860.9 BAR 1979  |p 1496166  |r 2025-01-22  |w 2019-11-20  |y BK  |k MLH 
952 |0 0  |1 0  |4 0  |6 860_900000000000000_BAR_1979  |7 0  |8 A  |9 315297  |a FDOPOS  |b FDOPOS  |d 2019-11-20  |h v.2  |i 1496174  |o 860.9 BAR 1979  |p 1496174  |r 2025-01-22  |w 2019-11-20  |y BK  |k MLH